[Event "4NCL/Div1/BIG-RIC"]
[Site "Rd9-Birmingham"]
[Date "2000.04.29"]
[Round "9.1"]
[White "Parker, Jonathan"]
[Black "Williams, Simon"]
[Result "1-0"]
[WhiteElo "2532"]
[BlackElo "2362"]
[PlyCount "59"]
[EventDate "2000.04.29"]

1. d4 e6 2. c4 f5 3. g3 Nf6 4. Bg2 Be7 5. Nf3 O-O 6. O-O d6 7. Nc3 a5 8. b3 Ne4
9. Bb2 Nxc3 10. Bxc3 Nd7 11. Qc2 Qe8 12. e4 f4 13. e5 dxe5 14. dxe5 Qh5 15. h3
Nc5 16. g4 Qh6 17. a3 Bd7 18. b4 Bc6 19. bxc5 Bxf3 20. Bxf3 Qxh3 21. Qe2 h5 22.
Rfd1 Qh4 23. gxh5 Rf5 24. Kf1 Bxc5 25. Bd4 Be7 26. Qe4 c5 27. Qxb7 cxd4 28.
Qxa8+ Kf7 29. Qe4 Qg5 30. Rxd4 1-0

[Event "4NCL/Div1/BIG-RIC"]
[Site "Rd9-Birmingham"]
[Date "2000.04.29"]
[Round "9.2"]
[White "Hinks-Edwards, Thomas"]
[Black "Webster, Andrew"]
[Result "0-1"]
[WhiteElo "2291"]
[BlackElo "2401"]
[PlyCount "52"]
[EventDate "2000.04.29"]

1. e4 g6 2. d4 Bg7 3. Nc3 c6 4. Nf3 d6 5. h3 b5 6. Bd3 Nd7 7. O-O Bb7 8. Be3
Qc7 9. Qd2 Ngf6 10. a4 b4 11. Ne2 c5 12. e5 c4 13. exf6 Nxf6 14. Qxb4 cxd3 15.
cxd3 Bxf3 16. gxf3 O-O 17. Rfc1 Qd7 18. Kg2 Rfb8 19. Qd2 Rb7 20. b4 a6 21. Rcb1
Nd5 22. Nf4 Nxf4+ 23. Bxf4 Bxd4 24. Ra3 Rab8 25. Qe1 Bc5 26. Bd2 a5 0-1

[Event "4NCL/Div1/BIG-RIC"]
[Site "Rd9-Birmingham"]
[Date "2000.04.29"]
[Round "9.3"]
[White "McShane, Luke"]
[Black "Phillips, Roy"]
[Result "1-0"]
[WhiteElo "2438"]
[BlackElo "2257"]
[PlyCount "61"]
[EventDate "2000.04.29"]

1. e4 c5 2. Nf3 Nc6 3. d4 cxd4 4. Nxd4 g6 5. c4 Bg7 6. Be3 Nf6 7. Nc3 d6 8. Be2
O-O 9. O-O Nxd4 10. Bxd4 Be6 11. Qd2 Qa5 12. Rfd1 Rfc8 13. b3 a6 14. Qe3 Nd7
15. Nd5 Bxd5 16. exd5 Re8 17. a3 e5 18. Bc3 Qd8 19. b4 Rc8 20. Rac1 b6 21. c5
dxc5 22. Bxa6 Ra8 23. Qe2 Bf8 24. d6 Re6 25. Bc4 Rxd6 26. Qf3 Rf6 27. Rxd7 Rxf3
28. Rxd8 Rxd8 29. gxf3 cxb4 30. axb4 Rc8 31. Bxe5 1-0

[Event "4NCL/Div1/BIG-RIC"]
[Site "Rd9-Birmingham"]
[Date "2000.04.29"]
[Round "9.4"]
[White "Franklin, Michael"]
[Black "Ferguson, Mark"]
[Result "0-1"]
[WhiteElo "2239"]
[BlackElo "2371"]
[PlyCount "114"]
[EventDate "2000.04.29"]

1. d4 Nf6 2. Nf3 g6 3. Bf4 Bg7 4. e3 O-O 5. Be2 d6 6. h3 c5 7. c3 Be6 8. Nbd2
Qb6 9. Qb1 cxd4 10. Nxd4 Bd5 11. N4f3 Rc8 12. O-O Na6 13. e4 Be6 14. Be3 Qc7
15. Nd4 Bd7 16. a4 Nc5 17. Nb5 Qb8 18. b4 Ne6 19. Qd3 a6 20. Nd4 d5 21. Bf3
Nxd4 22. Bxd4 e5 23. Bc5 dxe4 24. Nxe4 Bf5 25. a5 Rd8 26. Qc4 Nxe4 27. Bxe4 Be6
28. Qe2 f5 29. Bd3 e4 30. Bc4 Qc8 31. Qa2 Kf7 32. Rad1 Bxc4 33. Qxc4+ Qe6 34.
Qxe6+ Kxe6 35. c4 Rac8 36. f3 Bf8 37. Bxf8 Rxf8 38. fxe4 Rxc4 39. exf5+ Rxf5
40. Rxf5 gxf5 41. Rb1 Ke5 42. Kf2 Rc2+ 43. Kf3 Rc3+ 44. Kf2 Kf4 45. Rb2 h5 46.
b5 Ra3 47. Rb4+ Ke5 48. bxa6 bxa6 49. Rh4 Rxa5 50. Rxh5 Ra2+ 51. Kf3 Ra3+ 52.
Kf2 Ke4 53. Rg5 Ra2+ 54. Ke1 a5 55. h4 a4 56. Rg8 a3 57. h5 Rb2 0-1

[Event "4NCL/Div1/BIG-RIC"]
[Site "Rd9-Birmingham"]
[Date "2000.04.29"]
[Round "9.5"]
[White "Baker, Chris W"]
[Black "Menon, Shanker"]
[Result "0-1"]
[WhiteElo "2357"]
[BlackElo "2241"]
[PlyCount "74"]
[EventDate "2000.04.29"]

1. e4 c5 2. Nc3 e6 3. Nf3 a6 4. g3 Nc6 5. Bg2 Nge7 6. O-O Qc7 7. Re1 d6 8. d4
cxd4 9. Nxd4 Nxd4 10. Qxd4 Nc6 11. Qd2 Be7 12. b3 O-O 13. Bb2 b5 14. a4 Rb8 15.
Nd1 Rd8 16. axb5 axb5 17. Qc3 Bf8 18. Ne3 Qb6 19. Ng4 f6 20. Nxf6+ gxf6 21.
Qxf6 e5 22. Re3 Bg7 23. Qh4 Be6 24. Bh3 Bxh3 25. Qxh3 Nd4 26. Bxd4 exd4 27. Rd3
Re8 28. Qg4 Kh8 29. Ra2 Re7 30. Kg2 Rbe8 31. f3 Qc6 32. Qh5 Rc8 33. Kf2 Ra7 34.
Rb2 Ra1 35. Qg5 Qa6 36. b4 Rh1 37. Qg4 Rxh2+ 0-1

[Event "4NCL/Div1/BIG-RIC"]
[Site "Rd9-Birmingham"]
[Date "2000.04.29"]
[Round "9.6"]
[White "Parkin, James"]
[Black "Naylor, John"]
[Result "1/2-1/2"]
[WhiteElo "2040"]
[BlackElo "2253"]
[PlyCount "58"]
[EventDate "2000.04.29"]

1. e4 e5 2. Nf3 Nc6 3. Bc4 Nf6 4. Ng5 Bc5 5. Bxf7+ Ke7 6. Bb3 Rf8 7. Nc3 h6 8.
Nf3 d6 9. Nd5+ Nxd5 10. exd5 Nd4 11. Nxd4 Bxd4 12. O-O Bf5 13. c3 Bb6 14. d4
exd4 15. Re1+ Kf7 16. cxd4 Qf6 17. Be3 Kg8 18. Qd2 Qg6 19. f3 a5 20. a4 Rae8
21. Bc4 Rf6 22. Bf2 Rxe1+ 23. Rxe1 Bc2 24. Bh4 Rxf3 25. Re6 Qg4 26. Bf2 Bf5 27.
Re8+ Kf7 28. Qe2 Rxf2 29. Re7+ Kf8 1/2-1/2

[Event "4NCL/Div1/BIG-RIC"]
[Site "Rd9-Birmingham"]
[Date "2000.04.29"]
[Round "9.7"]
[White "Regan, Natasha"]
[Black "Voelker, Sebastian"]
[Result "1-0"]
[WhiteElo "2184"]
[BlackElo "2015"]
[PlyCount "55"]
[EventDate "2000.04.29"]

1. e4 c6 2. d4 d5 3. e5 Bf5 4. Nc3 e6 5. g4 Bg6 6. Nge2 c5 7. Be3 Nd7 8. f4 Ne7
9. dxc5 Nc6 10. Ng3 h6 11. Qd2 Nxc5 12. O-O-O Be7 13. f5 Bh7 14. Nh5 Bg5 15.
Nxg7+ Kf8 16. f6 Ne4 17. Nxe4 Bxe4 18. Bxg5 hxg5 19. Qxg5 Qc7 20. Nf5 Rh7 {(=)}
21. Nh6 Ke8 22. Bd3 Rxh6 23. Qg8+ Kd7 24. Qxf7+ Kc8 25. Qf8+ Nd8 26. Qxh6 Bxh1
27. Rxh1 Qxe5 28. Rf1 1-0

[Event "4NCL/Div1/BR-IND"]
[Site "Rd9-Birmingham"]
[Date "2000.04.29"]
[Round "9.1"]
[White "Ansell, Simon"]
[Black "Nunn, John"]
[Result "0-1"]
[WhiteElo "2383"]
[BlackElo "2598"]
[PlyCount "64"]
[EventDate "2000.04.29"]

1. e4 c5 2. Nf3 e6 3. d3 Nc6 4. g3 Nge7 5. Bg2 g6 6. O-O Bg7 7. Re1 d6 8. c3 e5
9. a3 O-O 10. b4 a6 11. Nbd2 h6 12. Rb1 Rb8 13. Nb3 b6 14. d4 c4 15. d5 cxb3
16. dxc6 Be6 17. Be3 Qc7 18. Qc1 Kh7 19. c4 Nxc6 20. Rxb3 Nd4 21. Rc3 Rfc8 22.
Nd2 b5 23. c5 Qd7 24. Nf3 dxc5 25. bxc5 a5 26. Qd2 Nxf3+ 27. Bxf3 Qxd2 28. Bxd2
b4 29. axb4 axb4 30. Rcc1 b3 31. Be2 b2 32. Rcd1 Bb3 0-1

[Event "4NCL/Div1/BR-IND"]
[Site "Rd9-Birmingham"]
[Date "2000.04.29"]
[Round "9.2"]
[White "Norwood, David"]
[Black "Beaumont, Chris"]
[Result "1-0"]
[WhiteElo "2518"]
[BlackElo "2290"]
[PlyCount "107"]
[EventDate "2000.04.29"]

1. d4 Nf6 2. Nf3 g6 3. Bg5 Bg7 4. Nbd2 d5 5. e3 c5 6. c3 Qb6 7. Qb3 O-O 8. Be2
Nc6 9. O-O c4 10. Qxb6 axb6 11. b3 b5 12. a4 b4 13. cxb4 c3 14. Bxf6 Bxf6 15.
Nb1 c2 16. Na3 Nxb4 17. Rfc1 Bf5 18. Ne1 e5 19. Naxc2 Nxc2 20. Nxc2 Rfc8 21.
Nb4 Be6 22. Bf3 exd4 23. exd4 Bxd4 24. Rxc8+ Rxc8 25. Rd1 Bc5 26. Nxd5 b6 27.
g3 Kf8 28. Kg2 Bxd5 29. Rxd5 Ke7 30. Re5+ Kf6 31. Re4 Bd6 32. Rd4 Ke7 33. Re4+
Kf6 34. Re2 Rc3 35. Bd5 Bc5 36. Bc4 g5 37. Rd2 Ke7 38. Rd5 Rc2 39. Rf5 f6 40.
a5 Bd4 41. a6 Rb2 42. Bb5 Rxb3 43. a7 Ra3 44. Rd5 Bc5 45. Rd7+ Ke6 46. Rb7 Kd6
47. Rxh7 g4 48. Rg7 f5 49. Rd7+ Ke6 50. Bc6 b5 51. a8=Q Rxa8 52. Rd5 Rc8 53.
Rxc5 Kd6 54. Rxb5 1-0

[Event "4NCL/Div1/BR-IND"]
[Site "Rd9-Birmingham"]
[Date "2000.04.29"]
[Round "9.3"]
[White "Burgess, Graham"]
[Black "Hennigan, Michael"]
[Result "1-0"]
[WhiteElo "2300"]
[BlackElo "2456"]
[PlyCount "67"]
[EventDate "2000.04.29"]

1. d4 Nf6 2. Nf3 g6 3. c4 Bg7 4. Nc3 c5 5. d5 d6 6. e4 O-O 7. h3 Na6 8. Bd3 Nc7
9. O-O e6 10. Re1 a6 11. a4 b6 12. Bg5 h6 13. Bf4 e5 14. Bd2 a5 15. Ra3 Kh8 16.
Ne2 Nce8 17. Kh2 Ra7 18. Bb1 Ng8 19. g3 Qd7 20. Neg1 Ne7 21. Qc1 g5 22. g4 Ng6
23. Ne2 Nf4 24. Nxf4 exf4 25. e5 dxe5 26. Nxe5 Qd6 27. Bc3 f5 28. gxf5 Bxf5 29.
Nc6 Raf7 30. Bxf5 f3+ 31. Kg1 Rxf5 32. Re6 Qc7 33. Ne7 R5f7 34. Rxh6# 1-0

[Event "4NCL/Div1/BR-IND"]
[Site "Rd9-Birmingham"]
[Date "2000.04.29"]
[Round "9.4"]
[White "Ledger, Andrew"]
[Black "Sherwin, James"]
[Result "1-0"]
[WhiteElo "2431"]
[BlackElo "2369"]
[PlyCount "93"]
[EventDate "2000.04.29"]

1. e4 c6 2. d4 d5 3. Nd2 dxe4 4. Nxe4 Nd7 5. Bc4 Ndf6 6. Nxf6+ Nxf6 7. c3 Nd5
8. Nf3 e6 9. O-O Be7 10. Re1 O-O 11. Bd3 b6 12. Ne5 Bb7 13. Qh5 f5 14. Qe2 Bd6
15. Bd2 Qe7 16. Bc4 Rae8 17. Bb3 Qc7 18. Rad1 Kh8 19. Qh5 Bxe5 20. Rxe5 Nf6 21.
Qh3 Bc8 22. Rde1 Ng4 23. R5e2 Qd6 24. f3 Nf6 25. Qg3 Qxg3 26. hxg3 Nd5 27. c4
Nf6 28. a4 Rd8 29. Bc3 h6 30. a5 b5 31. cxb5 cxb5 32. Bb4 Rfe8 33. Bc5 a6 34.
Bxe6 Bxe6 35. Rxe6 Rxe6 36. Rxe6 Ra8 37. Re5 Kg8 38. Rxf5 Rd8 39. Re5 Kf7 40.
Re7+ Kg6 41. Ra7 Re8 42. Rxa6 Re2 43. b4 Kf5 44. Rd6 h5 45. a6 g5 46. a7 Ra2
47. Rd8 1-0

[Event "4NCL/Div1/BR-IND"]
[Site "Rd9-Birmingham"]
[Date "2000.04.29"]
[Round "9.5"]
[White "Buckley, Simon"]
[Black "Vigus, James"]
[Result "1-0"]
[WhiteElo "2270"]
[BlackElo "2273"]
[PlyCount "99"]
[EventDate "2000.04.29"]

1. e4 d6 2. d4 Nf6 3. Nc3 g6 4. Nf3 Bg7 5. Be3 c6 6. Qd2 Qa5 7. Bd3 Bg4 8.
O-O-O Nbd7 9. Kb1 Qc7 10. Bh6 Bxh6 11. Qxh6 Bxf3 12. gxf3 e6 13. f4 d5 14. e5
Ng4 15. Qh4 h5 16. Rhg1 Nh6 17. f5 Nxf5 18. Bxf5 exf5 19. e6 Nf8 20. Qf6 Rh7
21. exf7+ Qxf7 22. Qd6 Qd7 23. Rde1+ Re7 24. Qf6 Re6 25. b3 Qe7 26. Rxe6 Qxe6
27. Qxe6+ Nxe6 28. Rxg6 Ke7 29. Rh6 Nxd4 30. Rxh5 Ke6 31. Na4 Ke5 32. Nc5 Rg8
33. Nxb7 Rg2 34. Nc5 Nf3 35. Nd3+ Ke4 36. Rh6 Nd4 37. Rh4+ Rg4 38. Rh3 Nf3 39.
Nc5+ Kf4 40. Nd3+ Ke4 41. Rh6 Nd4 42. f3+ Nxf3 43. Nf2+ Ke3 44. Nxg4+ fxg4 45.
a4 Kf2 46. a5 Kg2 47. a6 Nxh2 48. Rh7 g3 49. Rxa7 Ng4 50. Rf7 1-0

[Event "4NCL/Div1/BR-IND"]
[Site "Rd9-Birmingham"]
[Date "2000.04.29"]
[Round "9.8"]
[White "Richards, Heather"]
[Black "Buckley, Melanie"]
[Result "1/2-1/2"]
[WhiteElo "2117"]
[BlackElo "2090"]
[PlyCount "51"]
[EventDate "2000.04.29"]

1. e4 e6 2. d4 d5 3. Nc3 Bb4 4. Qd3 dxe4 5. Qxe4 Nf6 6. Qh4 Bd7 7. Nf3 Bc6 8.
Bd2 Nbd7 9. a3 Bxc3 10. bxc3 Ne4 11. Qxd8+ Rxd8 12. Bd3 O-O 13. O-O Rfe8 14. a4
Nxd2 15. Nxd2 Nf6 16. Bb5 Bd7 17. Rfb1 b6 18. Nf3 a5 19. c4 Bxb5 20. Rxb5 Ne4
21. Rb3 f6 22. Re1 Nd6 23. Rc3 Nf5 24. Rd3 Kf7 25. h3 Rd7 26. Rb1 1/2-1/2

[Event "4NCL/Div1/SWR-NWE"]
[Site "Rd9-Birmingham"]
[Date "2000.04.29"]
[Round "9.1"]
[White "Gretarsson, Helgi"]
[Black "Littlewood, John"]
[Result "1-0"]
[WhiteElo "2544"]
[BlackElo "2313"]
[PlyCount "47"]
[EventDate "2000.04.29"]

1. d4 Nf6 2. c4 g6 3. Nc3 d5 4. Bg5 Bg7 5. Bxf6 Bxf6 6. cxd5 c6 7. e4 cxd5 8.
Nxd5 Bg7 9. Bb5+ Nc6 10. Ne2 O-O 11. Bxc6 bxc6 12. Ndc3 Rb8 13. Rb1 Ba6 14. O-O
c5 15. Qa4 Bd3 16. Rbd1 Bxe2 17. Nxe2 Rxb2 18. dxc5 Qc7 19. Nc1 Rfb8 20. Rd7
Qc8 21. Rfd1 Bh6 22. c6 Bxc1 23. c7 Rd2 24. cxb8=Q 1-0

[Event "4NCL/Div1/SWR-NWE"]
[Site "Rd9-Birmingham"]
[Date "2000.04.29"]
[Round "9.2"]
[White "Quillan, Gary"]
[Black "Jonkman, Harmen"]
[Result "0-1"]
[WhiteElo "2349"]
[BlackElo "2446"]
[PlyCount "86"]
[EventDate "2000.04.29"]

1. e4 e5 2. Nf3 Nc6 3. Bb5 Nf6 4. O-O Nxe4 5. d4 Nd6 6. Bg5 Be7 7. Bxe7 Qxe7 8.
dxe5 Nxb5 9. a4 O-O 10. Re1 Nbd4 11. Nxd4 d6 12. Nxc6 bxc6 13. exd6 Qxd6 14.
Qf3 Rb8 15. b3 Rb4 16. Nc3 Bg4 17. Qe3 a5 18. f3 Bf5 19. Re2 Rh4 20. g3 Rd4 21.
Rae1 h6 22. Qf2 Rd8 23. Ne4 Qa3 24. h4 c5 25. g4 Bxe4 26. Rxe4 Rxe4 27. Rxe4 c4
28. Qe3 cxb3 29. cxb3 Rd1+ 30. Kg2 Qb2+ 31. Kg3 Rd2 32. Re8+ Kh7 33. Qe4+ g6
34. Qe5 Rg2+ 35. Kf4 Qd2+ 36. Qe3 Qb4+ 37. Qe4 Qd6+ 38. Qe5 Qd2+ 39. Qe3 Qd6+
40. Qe5 Qb4+ 41. Qe4 Qc3 42. Qe5 Qc1+ 43. Qe3 Qh1 0-1

[Event "4NCL/Div1/SWR-NWE"]
[Site "Rd9-Birmingham"]
[Date "2000.04.29"]
[Round "9.3"]
[White "Davies, Nigel"]
[Black "James, Dale"]
[Result "1-0"]
[WhiteElo "2518"]
[BlackElo "2239"]
[PlyCount "59"]
[EventDate "2000.04.29"]

1. c4 e5 2. g3 g6 3. d4 exd4 4. Qxd4 Qf6 5. Qe3+ Qe6 6. Nc3 Bg7 7. Nd5 Qxe3 8.
Bxe3 Na6 9. O-O-O d6 10. Nf3 Ne7 11. Bd4 Bxd4 12. Nxd4 Nxd5 13. cxd5 Nc5 14.
Nb5 Kd8 15. Rd4 a5 16. b3 Re8 17. Nc3 Rb8 18. e3 Bd7 19. Be2 b5 20. b4 Na4 21.
Nxa4 bxa4 22. bxa5 Bf5 23. Rhd1 Rb1+ 24. Kd2 Rb2+ 25. Ke1 Rxa2 26. a6 h5 27.
Bb5 Bd7 28. a7 Bxb5 29. a8=Q+ Kd7 30. Qb7 1-0

[Event "4NCL/Div1/SWR-NWE"]
[Site "Rd9-Birmingham"]
[Date "2000.04.29"]
[Round "9.4"]
[White "Kennaugh, Charles"]
[Black "Dunnington, Angus"]
[Result "1/2-1/2"]
[WhiteElo "2290"]
[BlackElo "2366"]
[PlyCount "84"]
[EventDate "2000.04.29"]

1. e4 g6 2. Nc3 Bg7 3. d4 c6 4. h3 d5 5. Nf3 dxe4 6. Nxe4 Bf5 7. Ng3 Be6 8. c3
Nf6 9. Bd3 O-O 10. O-O Bd5 11. Ne5 c5 12. c4 Be6 13. d5 Bc8 14. f4 e6 15. Be3
exd5 16. Bxc5 Re8 17. Qb3 Nc6 18. Nxc6 bxc6 19. Rae1 Be6 20. f5 dxc4 21. Bxc4
Bxc4 22. Rxe8+ Nxe8 23. Qxc4 Qd5 24. Qxd5 cxd5 25. b4 Bf8 26. Rd1 Bxc5+ 27.
bxc5 Nf6 28. Kf2 Rc8 29. Rc1 d4 30. c6 Kf8 31. Kf3 Ke7 32. Ne4 Nd5 33. Rc4 gxf5
34. Ng3 Ke6 35. Ne2 Nb6 36. Rc5 Kd6 37. Rxf5 Rxc6 38. Nxd4 Rc3+ 39. Ke2 Ke7 40.
Rh5 Ra3 41. Rxh7 Rxa2+ 42. Kf3 Nd7 1/2-1/2

[Event "4NCL/Div1/SWR-NWE"]
[Site "Rd9-Birmingham"]
[Date "2000.04.29"]
[Round "9.7"]
[White "Gayson, Peter"]
[Black "Hague, Ben"]
[Result "1-0"]
[WhiteElo "2255"]
[BlackElo "2250"]
[PlyCount "82"]
[EventDate "2000.04.29"]

1. e4 g6 2. d4 Bg7 3. Nc3 c6 4. Bc4 d6 5. Qf3 e6 6. Nge2 b5 7. Bd3 Nd7 8. O-O
Ngf6 9. Bg5 O-O 10. Qh3 b4 11. Nd1 Qa5 12. Qh4 Ba6 13. Ne3 Nxe4 14. Bxa6 Nxg5
15. Bb7 Rad8 16. Bxc6 h5 17. a3 Bf6 18. Qf4 e5 19. dxe5 Bxe5 20. Qxb4 Qxb4 21.
axb4 Bxb2 22. Rxa7 Nb8 23. Bd5 Nh7 24. c3 Rc8 25. Nd1 Rce8 26. Bf3 Ng5 27. Ne3
Rc8 28. Nd5 Nc6 29. Ra2 Nxf3+ 30. gxf3 Bxc3 31. Nexc3 Nxb4 32. Ne7+ Kg7 33.
Nxc8 Nxa2 34. Nxa2 Rxc8 35. Rd1 Ra8 36. Nc3 Ra3 37. Ne4 Rxf3 38. Rxd6 h4 39.
Kg2 Ra3 40. h3 f5 41. Ng5 Kh6 1-0

[Event "4NCL/Div1/BARB-SL"]
[Site "Rd10-Birmingham"]
[Date "2000.04.30"]
[Round "10.1"]
[White "Crouch, Colin"]
[Black "Spraggett, Kevin"]
[Result "1-0"]
[WhiteElo "2424"]
[BlackElo "2529"]
[PlyCount "86"]
[EventDate "2000.04.30"]

1. d4 Nf6 2. c4 e6 3. Nf3 b6 4. Nc3 Bb7 5. a3 d5 6. cxd5 exd5 7. Bg5 Be7 8. e3
O-O 9. Rc1 Nbd7 10. Bd3 c5 11. dxc5 bxc5 12. O-O h6 13. Bh4 Ne4 14. Bxe7 Qxe7
15. Bb1 Ndf6 16. Nd2 Ng5 17. Re1 Rab8 18. Ne2 Ba8 19. Qc2 Rfc8 20. Ng3 c4 21.
Nf5 Qd7 22. Qc3 Rc6 23. Rcd1 Qb7 24. e4 Re6 25. exd5 Qxd5 26. f3 Qc5+ 27. Kh1
Rxe1+ 28. Rxe1 Qf2 29. Rf1 Qe2 30. Nd4 Qe7 31. Nxc4 Rc8 32. Nf5 Qe6 33. b3 Kh8
34. Re1 Qa6 35. Qd4 Bd5 36. Ne7 Re8 37. Ng6+ fxg6 38. Rxe8+ Nxe8 39. Qxd5 Nf6
40. Qd6 Qb5 41. Bc2 Kg8 42. Bxg6 Nf7 43. Qe6 Qd7 1-0

[Event "4NCL/Div1/BARB-SL"]
[Site "Rd10-Birmingham"]
[Date "2000.04.30"]
[Round "10.2"]
[White "Ftacnik, Lubomir"]
[Black "Collinson, Adam"]
[Result "1-0"]
[WhiteElo "2579"]
[BlackElo "2405"]
[PlyCount "101"]
[EventDate "2000.04.30"]

1. Nf3 d6 2. d4 Nf6 3. c4 g6 4. Nc3 Bf5 5. Qb3 Qc8 6. g3 Bg7 7. Bg2 Nc6 8. d5
Nb8 9. Be3 O-O 10. Rc1 Na6 11. O-O c5 12. Rfe1 Nc7 13. Bg5 h6 14. Bd2 Ne4 15.
Nxe4 Bxe4 16. Qe3 Bxf3 17. Bxf3 Qd7 18. Bc3 e5 19. dxe6 Qxe6 20. Qd2 Rab8 21.
Red1 Rfd8 22. Bxg7 Kxg7 23. Qa5 Qe7 24. Qxa7 Ne6 25. Qa3 Nd4 26. Qc3 Qf6 27.
Bg4 h5 28. e3 hxg4 29. exd4 Re8 30. dxc5 dxc5 31. Qxf6+ Kxf6 32. Rc2 Re6 33.
Kg2 Rbe8 34. h3 Re2 35. Rd6+ Kg5 36. Rdd2 gxh3+ 37. Kxh3 Rxd2 38. Rxd2 b6 39.
Rd6 Re2 40. f4+ Kf5 41. Rxb6 Ke4 42. a4 Rc2 43. b4 Rxc4 44. bxc5 Kf5 45. c6
Rxa4 46. Rb5+ Ke6 47. Rc5 Ra8 48. Kg4 Kd6 49. Rc3 f6 50. c7 Rc8 51. f5 1-0

[Event "4NCL/Div1/BARB-SL"]
[Site "Rd10-Birmingham"]
[Date "2000.04.30"]
[Round "10.4"]
[White "McNab, Colin"]
[Black "Rogers, Jonathan"]
[Result "1-0"]
[WhiteElo "2424"]
[BlackElo "2340"]
[PlyCount "53"]
[EventDate "2000.04.30"]

1. c4 e6 2. Nf3 Nf6 3. g3 d5 4. b3 Be7 5. Bg2 O-O 6. O-O c5 7. Bb2 Nc6 8. e3
Re8 9. Qe2 b6 10. Rd1 Bb7 11. d3 d4 12. exd4 cxd4 13. Ne5 Rc8 14. Na3 Nd7 15.
Nxc6 Bxc6 16. Bxc6 Rxc6 17. Nb5 e5 18. Nxa7 Re6 19. Nb5 Nc5 20. Rab1 e4 21.
Nxd4 exd3 22. Qf3 Re4 23. Nf5 Bf6 24. b4 Na4 25. Bxf6 Qxf6 26. Rxd3 Rxc4 27.
Nd6 1-0

[Event "4NCL/Div1/BARB-SL"]
[Site "Rd10-Birmingham"]
[Date "2000.04.30"]
[Round "10.6"]
[White "Turner, Matthew"]
[Black "Knott, Simon"]
[Result "1/2-1/2"]
[WhiteElo "2487"]
[BlackElo "2348"]
[PlyCount "50"]
[EventDate "2000.04.30"]

1. c4 Nf6 2. Nc3 d5 3. cxd5 Nxd5 4. g3 g6 5. Bg2 Nxc3 6. bxc3 Bg7 7. Nf3 O-O 8.
d4 c5 9. O-O Nc6 10. e3 Qc7 11. Ba3 b6 12. dxc5 Ba6 13. Nd4 Ne5 14. c6 Bxf1 15.
Qxf1 a6 16. f4 Ng4 17. Qf3 Nf6 18. e4 Rfd8 19. f5 Qe5 20. Re1 Nd5 21. Bb2 b5
22. Qf2 Nb6 23. Nf3 Qc7 24. e5 gxf5 25. g4 Nc4 1/2-1/2

[Event "4NCL/Div1/BARB-SL"]
[Site "Rd10-Birmingham"]
[Date "2000.04.30"]
[Round "10.7"]
[White "Palliser, Richard"]
[Black "Lawton, Geoff"]
[Result "1/2-1/2"]
[WhiteElo "2322"]
[BlackElo "2383"]
[PlyCount "123"]
[EventDate "2000.04.30"]

1. d4 d5 2. c4 c6 3. Nf3 Nf6 4. Nc3 a6 5. a4 Bf5 6. Qb3 Ra7 7. Bf4 e6 8. e3
Nbd7 9. h3 h6 10. g4 Bg6 11. Nd2 a5 12. Bg2 Bb4 13. O-O O-O 14. Rad1 Re8 15.
Rfe1 Ra6 16. e4 dxe4 17. Ndxe4 Nxe4 18. Bxe4 Bxe4 19. Rxe4 Ra8 20. Na2 Bf8 21.
Re2 Qb6 22. Qxb6 Nxb6 23. b3 Nd7 24. Nc3 Nf6 25. Kg2 Rac8 26. Kf3 Red8 27. Red2
g6 28. Rd3 Bg7 29. h4 h5 30. g5 Nd7 31. Ne4 Bf8 32. Be5 Bg7 33. Bf4 Bf8 34. Ke2
Ra8 35. Be5 Bg7 36. f4 Bf8 37. Ke3 Re8 38. Nd6 Bxd6 39. Bxd6 Nb6 40. Bc5 Nc8
41. Ba3 Ne7 42. Bxe7 Rxe7 43. Kf3 Rae8 44. Re1 Kf8 45. Re5 Ra8 46. Ke4 Rd7 47.
d5 Ke7 48. Re3 cxd5+ 49. cxd5 Rd6 50. Rc3 Kd7 51. dxe6+ fxe6 52. Rec5 Rc6 53.
Ke5 Rf8 54. Ke4 Kd6 55. R5c4 Rxc4+ 56. Rxc4 Rf5 57. Rc8 e5 58. fxe5+ Rxe5+ 59.
Kd4 Rf5 60. Ke4 Re5+ 61. Kd4 Rf5 62. Ke4 1/2-1/2

[Event "4NCL/Div1/BARB-SL"]
[Site "Rd10-Birmingham"]
[Date "2000.04.30"]
[Round "10.8"]
[White "Lalic, Susan"]
[Black "Lauterbach, Ingrid"]
[Result "1-0"]
[WhiteElo "2318"]
[BlackElo "2182"]
[PlyCount "71"]
[EventDate "2000.04.30"]

1. e4 d6 2. d4 Nf6 3. Nc3 g6 4. Nf3 Bg7 5. Be2 O-O 6. O-O c6 7. a4 Nbd7 8. Be3
e5 9. dxe5 Nxe5 10. Nxe5 dxe5 11. Qxd8 Rxd8 12. Rfd1 Rxd1+ 13. Rxd1 Be6 14. f3
Nd7 15. Bc4 Bxc4 16. Rxd7 b6 17. Rc7 c5 18. b3 Be6 19. Nd5 Bf8 20. c4 h5 21.
Bg5 Bg7 22. Rb7 Bxd5 23. cxd5 f6 24. Be3 Bf8 25. Kf2 Bd6 26. Ke2 Kf8 27. Kd3
Be7 28. Kc4 Bd8 29. d6 g5 30. Kd5 h4 31. Rh7 Kg8 32. Rd7 a5 33. Kc6 Rb8 34.
Rxd8+ Rxd8 35. Kc7 Ra8 36. d7 1-0

[Event "4NCL/Div1/WG1-GUI"]
[Site "Rd10-Birmingham"]
[Date "2000.04.30"]
[Round "10.4"]
[White "King, Daniel"]
[Black "Baburin, Alexander"]
[Result "1-0"]
[WhiteElo "2514"]
[BlackElo "2591"]
[PlyCount "85"]
[EventDate "2000.04.30"]

1. e4 Nf6 2. e5 Nd5 3. d4 d6 4. Nf3 Bg4 5. Be2 e6 6. O-O Be7 7. h3 Bh5 8. c4
Nb6 9. Nc3 O-O 10. Be3 d5 11. cxd5 exd5 12. g4 Bg6 13. Ne1 f6 14. f4 fxe5 15.
dxe5 c5 16. f5 Be8 17. Bf4 Bc6 18. Bf3 d4 19. Ne4 Nd5 20. Ng2 Nd7 21. Bg3 Qb6
22. b3 Rad8 23. Kh2 Kh8 24. Qd2 Qb4 25. Qc2 Bb5 26. Rfe1 d3 27. Qf2 N7b6 28. a4
Bc6 29. a5 Nd7 30. Nd2 Bg5 31. Ne4 Be7 32. e6 N7f6 33. Nd2 Nc3 34. Bxc6 bxc6
35. Be5 Nfe4 36. Nxe4 Nxe4 37. Qb2 Bf6 38. Bxf6 gxf6 39. e7 d2 40. Red1 Rfe8
41. exd8=Q Rxd8 42. Ra4 Qb8+ 43. Kg1 1-0

[Event "4NCL/Div1/WG1-GUI"]
[Site "Rd10-Birmingham"]
[Date "2000.04.30"]
[Round "10.5"]
[White "Emms, John"]
[Black "Kinsman, Andrew"]
[Result "1/2-1/2"]
[WhiteElo "2546"]
[BlackElo "2399"]
[PlyCount "57"]
[EventDate "2000.04.30"]

1. e4 e6 2. d4 d5 3. Nd2 Nf6 4. e5 Nfd7 5. c3 c5 6. Bd3 Nc6 7. Ndf3 Qb6 8. Ne2
cxd4 9. cxd4 f6 10. exf6 Nxf6 11. O-O Bd6 12. Bf4 Bxf4 13. Nxf4 Qxb2 14. Ng5
O-O 15. Nfxe6 Bxe6 16. Nxe6 Rf7 17. Bf5 Re7 18. Qd3 Qb4 19. Rab1 Qd6 20. Ng5 g6
21. Bh3 Rae8 22. g3 Kg7 23. Rfd1 a6 {(=)} 24. Rb6 Qc7 25. Rdb1 Nd8 26. Kg2 Ne4
27. Nxe4 Rxe4 28. R1b2 R8e7 29. a4 1/2-1/2

[Event "4NCL/Div1/WG1-GUI"]
[Site "Rd10-Birmingham"]
[Date "2000.04.30"]
[Round "10.6"]
[White "Webb, Richard"]
[Black "Ward, Chris"]
[Result "0-1"]
[WhiteElo "2351"]
[BlackElo "2509"]
[PlyCount "58"]
[EventDate "2000.04.30"]

1. e4 c5 2. Nf3 Nc6 3. d3 g6 4. g3 Bg7 5. Bg2 e5 6. O-O Nge7 7. c3 O-O 8. a3 d5
9. b4 cxb4 10. axb4 b5 11. exd5 Nxd5 12. Bb2 Bf5 13. Nh4 Be6 14. Nd2 Rc8 15.
Nb3 Nf4 16. Nc5 Bh3 17. Bxh3 Nxh3+ 18. Kh1 Ng5 19. Ng2 Re8 20. Qb3 Ne6 21. Nxe6
Rxe6 22. c4 a5 23. cxb5 Nxb4 24. Rfd1 Qb6 25. Ne3 Qxb5 26. Nc4 Ra6 27. Bc3 Qd5+
28. Kg1 Nxd3 29. Nxa5 Rxa5 0-1

[Event "4NCL/Div1/WG1-GUI"]
[Site "Rd10-Birmingham"]
[Date "2000.04.30"]
[Round "10.7"]
[White "Littlewood, Paul"]
[Black "Povah, Nigel"]
[Result "1-0"]
[WhiteElo "2411"]
[BlackElo "2360"]
[PlyCount "91"]
[EventDate "2000.04.30"]

1. d4 Nf6 2. c4 e6 3. Nf3 c5 4. d5 exd5 5. cxd5 d6 6. Nc3 g6 7. e4 a6 8. a4 Bg4
9. Be2 Bxf3 10. Bxf3 Bg7 11. O-O O-O 12. Bf4 Qe7 13. Re1 Nbd7 14. a5 h5 15. h3
Nh7 16. Be2 Bd4 17. Bf1 Qf6 18. Qd2 Rfe8 19. Rab1 Re7 20. Be3 Rae8 21. f3 Be5
22. Na4 Qh4 23. Bf2 Bg3 24. Bxg3 Qxg3 25. Qf2 Qf4 26. b4 cxb4 27. Rxb4 Ne5 28.
Reb1 Ng5 29. Nc3 Rf8 30. Ne2 Qf6 31. Nd4 Rc8 32. h4 Nh7 33. Rxb7 Rxb7 34. Rxb7
Rc1 35. Rb6 Rd1 36. Rb3 Rxd4 37. Bxa6 Rd1+ 38. Bf1 Ra1 39. a6 Nc4 40. a7 Kg7
41. Rb8 Rxf1+ 42. Qxf1 Nd2 43. Qf2 Qa1+ 44. Kh2 Nf1+ 45. Qxf1 Qxa7 46. Qb1 1-0